| 000 | 00884nam a22003017a 4500 | ||
|---|---|---|---|
| 003 | CHAP | ||
| 005 | 20220329140804.0 | ||
| 008 | 971013s r 00010 d | ||
| 010 | _a57641 | ||
| 011 | _a58613 | ||
| 035 | _a62768 | ||
| 040 | _cCHAP | ||
| 090 | _aFolleto 7744 | ||
| 100 | 0 | 0 |
_aSowell Walter, F. _9109010 |
| 245 |
_aHydroponics _b: growing plants without soil |
||
| 260 |
_aAuburn : _bAuburn University. Cooperative Extension Service, _c(s.a.) |
||
| 300 | _a11 p. | ||
| 490 |
_aCircular CIASE _v; P-1 |
||
| 500 | _aFotocopia | ||
| 590 |
_aBATCH-UPD _b10 _c20130110 _lUCH01 _h0916 |
||
| 590 |
_aBATCH-UPD _b10 _c20130914 _lUCH01 _h0940 |
||
| 590 |
_aCONVERSION _b10 _c20130109 _lUCH01 _h1331 |
||
| 650 | 1 | 4 |
_aHidroponÃa. _955280 |
| 830 | 0 |
_aCircular CIASE _v; P-1 _923374 |
|
| 901 | _aBK | ||
| 942 | _cFOLL | ||
| 949 |
_aFolleto 7744 _bBC _cESP _d-134447 _eESP _i62768 _si |
||
| 999 |
_c57641 _d57641 |
||